00346 a2200133 450000100060000002000150000604000370002110000250005824000500008324500450013330000080017836200090018665000170019574183 a8573078391 cAnchieta - Colégio São Paulo aPerrennoud, Philippe10aA Pedagogia nas Escolas das Diferençaslpor10aA Pedagogia nas Escolas das Diferenças a2300 a2001 4aEducação